000 00554nam a2200193Ia 4500
003 GCL
008 140319s9999 xx 000 0 eng d
040 _aGCL /
_cGCL
082 0 4 _aCC
_b901.9
_bC I
100 1 _aCLOSE, ANGELA E
245 1 0 _aTHE IDENTIFCATION OF STYLE IN HITHIC ART FACTS FROM NORTH FAST AFRICA /
_cCLOSE, ANGELA E
260 _a[S.N] :
_bNATIONAL HIBRANY DEPOSIT ،
_c1977
300 _a314 P
650 0 4 _aART, EGYPTIAN
650 0 4 _aART, AFRICA
650 0 4 _aAFRICA - NORTH EAST
650 0 4 _aEGYPT - HISTORY
942 _2ddc
_cBK
999 _c19545
_d19545